00325nam a2200121Ia 45000030006000000080041000060400015000471000016000622450087000782600009001655460012001740050017001860STCL150530s9999 xx 000 0 und d aSTCLcSTCL aBirla, L.N. aStruggle for growth an enquiry into the causes of povery and prosperity of nations c1969 aEnglish20220125165623.0